<?xml version="1.0" encoding="UTF-8"?>
<record
    xmlns:xsi="http://www.w3.org/2001/XMLSchema-instance"
    xsi:schemaLocation="http://www.loc.gov/MARC21/slim http://www.loc.gov/standards/marcxml/schema/MARC21slim.xsd"
    xmlns="http://www.loc.gov/MARC21/slim">

  <leader>00677nam a22001937a 4500</leader>
  <controlfield tag="005">20220630112603.0</controlfield>
  <controlfield tag="007">ta</controlfield>
  <controlfield tag="008">220630s2008    mx a|||f |||| 00| 0 spa d</controlfield>
  <datafield tag="020" ind1=" " ind2=" ">
    <subfield code="a">978-970-9871-21-0</subfield>
  </datafield>
  <datafield tag="040" ind1=" " ind2=" ">
    <subfield code="c">CHAP</subfield>
  </datafield>
  <datafield tag="082" ind1=" " ind2=" ">
    <subfield code="a">338.9724</subfield>
    <subfield code="b">H55</subfield>
  </datafield>
  <datafield tag="100" ind1=" " ind2=" ">
    <subfield code="9">185166</subfield>
    <subfield code="a">Hern&#xE1;ndez Hern&#xE1;ndez, Daniel</subfield>
  </datafield>
  <datafield tag="245" ind1=" " ind2=" ">
    <subfield code="a">El enfoque microrregional del desarrollo en oriente del estado de Tlaxcala.</subfield>
    <subfield code="c">por Daniel Hern&#xE1;ndez Hern&#xE1;ndez.</subfield>
  </datafield>
  <datafield tag="260" ind1=" " ind2=" ">
    <subfield code="a">Tlaxcala, M&#xE9;xico :</subfield>
    <subfield code="b">El Colegio de Tlaxcala ;</subfield>
    <subfield code="c">2008.</subfield>
  </datafield>
  <datafield tag="300" ind1=" " ind2=" ">
    <subfield code="a">211 p&#xE1;ginas ;</subfield>
    <subfield code="b">cuadros,mapas.</subfield>
  </datafield>
  <datafield tag="651" ind1=" " ind2="0">
    <subfield code="9">185200</subfield>
    <subfield code="a">Tlaxcala</subfield>
    <subfield code="x">Planificaci&#xF3;n regional</subfield>
  </datafield>
  <datafield tag="651" ind1=" " ind2="0">
    <subfield code="9">185201</subfield>
    <subfield code="a">Tlaxcala</subfield>
    <subfield code="x">Desarrollo econ&#xF3;mico</subfield>
  </datafield>
  <datafield tag="942" ind1=" " ind2=" ">
    <subfield code="2">ddc</subfield>
    <subfield code="c">LIBRO</subfield>
  </datafield>
  <datafield tag="999" ind1=" " ind2=" ">
    <subfield code="c">217306</subfield>
    <subfield code="d">217306</subfield>
  </datafield>
  <datafield tag="952" ind1=" " ind2=" ">
    <subfield code="0">0</subfield>
    <subfield code="1">0</subfield>
    <subfield code="2">ddc</subfield>
    <subfield code="4">0</subfield>
    <subfield code="5">2</subfield>
    <subfield code="7">0</subfield>
    <subfield code="8">GRAL</subfield>
    <subfield code="a">BC</subfield>
    <subfield code="b">BC</subfield>
    <subfield code="c">PA_GRAL</subfield>
    <subfield code="d">2022-06-30</subfield>
    <subfield code="l">0</subfield>
    <subfield code="o">338.9724 H55</subfield>
    <subfield code="p">33724002563850</subfield>
    <subfield code="r">2022-06-30 00:00:00</subfield>
    <subfield code="w">2022-06-30</subfield>
    <subfield code="y">LIBRO</subfield>
  </datafield>
</record>
